00379 a2200109 4500001000900000005001700009008004100026245009000067100002700157773007000184999001500254ART_842820260410161557.0260409a 10aModificaciones propuestas por el IASB a la presentación del "otro resultado global"1 aSubelet, Carlos Javier0 tProfesional & Empresariag- Año XII, Nº 131 (ago. 2010)wREV70 c9338d9338